00289nam a2200121Ia 4500008004100000041000800041082001500049100001900064245002200083260003900105300001600144365000700160240624s9999 xx 000 0 und d aeng a658.05 DUT aDUTTA SOUMITRA aEMBRACING THE NET c2001aNew DelhibPearson Education axvii, : 185 cRS